MARC details
| 000 -LÍDER |
| campo de controle de tamanho fixo |
02463nam a22003017a 4500 |
| 001 - NÚMERO DE CONTROLE |
| campo de controle |
261 |
| 003 - IDENTIFICADOR DO NÚMERO DE CONTROLE |
| campo de controle |
OSt |
| 005 - DATA E HORÁRIO DA ÚLTIMA TRANSAÇÃO |
| campo de controle |
20250317075440.0 |
| 008 - CAMPO DE DADOS FIXOS--INFORMAÇÃO GERAL |
| campo de controle de tamanho fixo |
250224b |||||||g |||| 00| 0 eng d |
| 040 ## - FONTE DA CATALOGAÇÃO |
| Idioma da catalogação |
por |
| 041 ## - CÓDIGO DE IDIOMA |
| Código do idioma do original e/ou traduções intermediárias do texto |
por |
| 082 ## - CDD - CLASSIFICAÇÃO DECIMAL DE DEWEY |
| Número de Classificação |
B869.93 |
| Número do exemplar |
M538 |
| 100 ## - ENTRADA PRINCIPAL--NOME PESSOAL |
| Nome pessoal |
Mendes, Ivo |
| Datas associadas ao nome |
1933-2008 |
| 9 (RLIN) |
479 |
| 245 ## - TÍTULO |
| Título |
Tem Base?!...2 / |
| Indicação de responsabilidade, etc. |
Mendes, Ivo ; Ilustração de André Castro |
| 260 ## - PUBLICAÇÃO, DISTRIBUIÇÃO, ETC. |
| Local de publicação, distribuição, etc. |
belo Horizonte |
| Nome do editor, distribuidor, etc. |
Gráfica São Geraldo |
| Data da publicação, distribuição, etc. |
1999 |
| 300 ## - DESCRIÇÃO FÍSICA |
| Extensão |
213 p. |
| Outros detalhes físicos |
il. |
| 520 ## - NOTA DE RESUMO, ETC. |
| Resumo, etc. |
O livro "TEM BASE?!...1, foi fruto da insistência dos meus amigos, o engenheiro José Furtado, de Araxá, e do médico Edmond Abras, de Belo Horizonte. Julguei que minha incursão pela área literária ficasse por aí. Não foi bem assim. Embora eu me retraísse por um bom período, as cobranças, mormente dos amigos de Ibiá e Araxá, eram constantes para que eu continuasse. O saudoso Nicolau Neto, jornalista e colunista social do jornal ESTADO DE MINAS, leu o livrinho e gostou dele. E também passou a me cobrar continuidade, sugerindo que eu partisse para romances. Eu agradecia e permanecia estático. Em fins do ano de 1997, recebi em minha casa a visita de Ana Paula Machado, do jornal O CLARIM, de Araxá. Na ocasião, a simpática jornalista me fez um convite para colaborar com o jornal, me oferecendo espaço para uma coluna. Foi o recomeço e daí as cobranças de intensificaram. E aí está o "TEM BASE?!...2".<br/>Traçar os retratos de nosso povo com humor, os "causos" que precisam ser registrados, me estimularam a lançar este volume. Cada morador, cada companheiro, cada conhecido, fornece nas atitudes espontâneas, nas quedas e saltos da vida, subsídios para que eu me entusiasme e os coloque no papel.<br/>Nosso povo é uma riqueza imensa de piadas e pegadas e basta o olhar objetivo e vigilante para que aquilo se transforme numa folha do meu livro.<br/>Não existe nenhuma razão subjetiva no seu conteúdo. Trata-se tão somente do registro de "causos" pitorescos ocorridos no dia a dia da gente simples e ordeira de nossa região.<br/>Quanto a sugestão do memorável jornalista Nicolau Neto, só o futuro dirá...<br/> |
| 650 #0 - ASSUNTO--TERMO TÓPICO |
| Cabeçalho tópico ou nome geográfico |
Literatura Brasileira |
| 9 (RLIN) |
205 |
| 650 #0 - ASSUNTO--TERMO TÓPICO |
| Cabeçalho tópico ou nome geográfico |
Escritores Ibiaenses |
| 9 (RLIN) |
480 |
| 650 #0 - ASSUNTO--TERMO TÓPICO |
| Cabeçalho tópico ou nome geográfico |
Fatos Reais |
| 9 (RLIN) |
33 |
| 650 #0 - ASSUNTO--TERMO TÓPICO |
| Cabeçalho tópico ou nome geográfico |
Tradições e Costumes |
| 9 (RLIN) |
478 |
| 650 #0 - ASSUNTO--TERMO TÓPICO |
| Cabeçalho tópico ou nome geográfico |
Causos |
| 9 (RLIN) |
481 |
| 650 #0 - ASSUNTO--TERMO TÓPICO |
| Cabeçalho tópico ou nome geográfico |
Historias curtas |
| 9 (RLIN) |
67 |
| 655 #0 - TERMO DE ÍNDICE--GÊNERO E FORMA |
| Gênero/forma/ou termo foco |
Conto |
| 655 #0 - TERMO DE ÍNDICE--GÊNERO E FORMA |
| Gênero/forma/ou termo foco |
Não Ficção |
| 700 ## - ENTRADA ADICIONADA - NOME PESSOAL |
| Nome pessoal |
André Castro |
| Função do autor por extenso |
Ilustração |
| 9 (RLIN) |
482 |
| 942 ## - ELEMENTOS DE ENTRADA ADICIONADOS (KOHA) |
| Fonte de classificação ou esquema de arquivamento |
Classificação decimal de Dewey |
| Ocultar no OPAC |
Não |
| Tipo de material Koha |
Livros |